| 000 | 00565nam a22002057a 4500 | ||
|---|---|---|---|
| 005 | 20220719100007.0 | ||
| 008 | 220719b ||||| |||| 00| 0 eng d | ||
| 040 | _cAL | ||
| 041 | _aEnglish | ||
| 082 |
_223 _a820.43 _bSACE |
||
| 100 |
_aSwami Sachchidanand _951038 |
||
| 245 | _aEpic of Life: Samsar Ramayana | ||
| 260 |
_aAhmedabad _bGurjar Prakashan _c1995 |
||
| 300 |
_a700 p. _bHB _c21.5x14 cm. |
||
| 365 |
_b₹250.00 _c₹ _d₹250.00 |
||
| 650 |
_aRamayana _951039 |
||
| 650 |
_aEpic _951040 |
||
| 700 |
_aSACHCHIDANAND (Swami) _951041 |
||
| 942 |
_2ddc _cGF |
||
| 999 |
_c223959 _d223959 |
||